| Tag |
First Indicator |
Second Indicator |
Subfields |
| LEADER |
00000cam a2200000 a 4500 |
| 001 |
in00000407331 |
| 005 |
20151012052557.0 |
| 008 |
850508s1985 miua b 00100 eng |
| 010 |
|
|
|a 85071675
|
| 020 |
|
|
|a 0872631958 (pbk.)
|
| 035 |
|
|
|a (OCoLC)12942977
|
| 035 |
|
|
|9 ABU1051AM
|
| 039 |
0 |
|
|a 2
|b 3
|c 3
|d 3
|e 3
|
| 040 |
|
|
|a DLC
|c DLC
|d TXA
|d UtOrBLW
|
| 049 |
|
|
|a TXAM
|c [A09339283]
|
| 050 |
0 |
0 |
|a TP1175.M4
|b U83 1985
|
| 082 |
0 |
|
|a 667/.9
|2 19
|
| 245 |
0 |
0 |
|a User's guide to powder coating /
|c prepared by AFP/SME Powder Coating Division ; edited by Emery Miller.
|
| 250 |
|
|
|a 1st ed.
|
| 264 |
|
1 |
|a Dearborn, Mich. :
|b Association for Finishing Processes of the Society of Manufacturing Engineers, Publications Development Dept., Marketing Division,
|c [1985]
|
| 264 |
|
4 |
|c ©1985
|
| 300 |
|
|
|a 168 pages :
|b illustrations ;
|c 28 cm.
|
| 336 |
|
|
|a text
|b txt
|2 rdacontent
|
| 337 |
|
|
|a unmediated
|b n
|2 rdamedia
|
| 338 |
|
|
|a volume
|b nc
|2 rdacarrier
|
| 500 |
|
|
|a Includes index.
|
| 504 |
|
|
|a Bibliography: page 159.
|
| 650 |
|
0 |
|a Plastic coating.
|
| 650 |
|
0 |
|a Plastic powders.
|
| 700 |
1 |
|
|a Miller, Emery P.
|q (Emery Parker),
|d 1908-
|
| 710 |
2 |
|
|a Association for Finishing Processes of SME.
|b Powder Coating Division.
|
| 999 |
|
|
|a MARS
|
| 999 |
f |
f |
|s 57ecfab6-8cbc-369f-aa8a-702848b05261
|i d80d6e5c-3add-38b9-bfcb-31b07cd612c3
|t 0
|
| 952 |
f |
f |
|p ric
|a Texas A&M University
|b Rellis Campus
|c Joint Library Facility
|d Remote Storage
|t 0
|e TP1175.M4 U83 1985
|h Library of Congress classification
|i unmediated -- volume
|m A14809339283
|
| 998 |
f |
f |
|a TP1175.M4 U83 1985
|t 0
|l Remote Storage
|